Statystyki dla Skład Liverpoolu w Premier League 2023/24

Kliknij tutaj aby rozwiązać quiz!

Ogólne statystyki

  • Ten quiz został rozwiązany 451 razy
  • Średni wynik to 18 z 24

Statystyki odpowiedzi

NumerZawodnik% Poprawnych
1Alisson
99%
11Mohamed Salah
99%
4Virgil van Dijk
97%
66Trent Alexander-Arnold
95%
9Darwin Nunez
94%
26Andrew Robertson
90%
10Alexis Mac Allister
88%
7Luis Diaz
87%
8Dominik Szoboszlai
86%
2Joe Gomez
83%
5Ibrahima Konate
81%
32Joel Matip
79%
20Diogo Jota
76%
18Cody Gakpo
73%
6Thiago
73%
3Wataru Endo
69%
21Kostantinos Tsimikas
66%
17Curtis Jones
65%
62Caoimhin Kelleher
64%
19Harvey Elliott
63%
38Ryan Gravenberch
56%
13Adrian
48%
43Stefan Bajcetić
44%
45Marcelo Pitaluga
4%

Rozkład punktacji

Percentyl według liczby udzielonych odpowiedzi

Procent ludzi z każdym wynikiem

Twoja historia wyników

Nie rozwiązałeś tego quizu